The labour movement in Australasia ; a study in social democracy /

Bibliographic Details
Main Author: Clark, Victor S. (Victor Selden), 1868-1946
Format: Book
Language:English
Published: New York : H. Holt, 1906.
Subjects:

MARC

Tag First Indicator Second Indicator Subfields
LEADER 00000cam a2200000 4500
001 in00000077510
005 20151008052753.0
008 731031s1906 nyub 00000 eng u
010 |a  06043934  
035 |a (OCoLC)00732432 
035 |9 AAH4807AM 
040 |c CIN  |d TXA  |d UtOrBLW 
049 |a TXAM  |c [174595] 
050 0 |a HD8848  |b .C7 
092 |a 331.0993  |b C595 
100 1 |a Clark, Victor S.  |q (Victor Selden),  |d 1868-1946. 
245 1 4 |a The labour movement in Australasia ;  |b a study in social democracy /  |c by Victor S. Clark, PH.D. 
264 1 |a New York :  |b H. Holt,  |c 1906. 
300 |a xii, 327 pages :  |b map. ;  |c 20 cm. 
336 |a text  |b txt  |2 rdacontent 
337 |a unmediated  |b n  |2 rdamedia 
338 |a volume  |b nc  |2 rdacarrier 
650 0 |a Labor  |z Australasia. 
999 |a MARS 
999 f f |s 791f30df-0af2-3432-9203-792fc03fccb5  |i 6e5dd7e5-cbe2-342b-befd-d54fe29dba5e  |t 0 
952 f f |p ric  |a Texas A&M University  |b Rellis Campus  |c Joint Library Facility  |d Remote Storage  |t 0  |e HD8848 .C7  |h Library of Congress classification  |i unmediated -- volume  |m A14800713618 
998 f f |a HD8848 .C7  |t 0  |l Remote Storage